Online Catalogue and eLibrary

Sahithya vichara sangrahaya (Record no. 4841)

MARC details
000 -LEADER
fixed length control field 00393nam a2200145Ia 4500
005 - DATE AND TIME OF LATEST TRANSACTION
control field 20250701013540.0
008 - FIXED-LENGTH DATA ELEMENTS--GENERAL INFORMATION
fixed length control field 240331s9999 xx 000 0 und d
082 ## - DDC Classification
Item Number - Author Mark GUN
Class No. 891
100 ## - MAIN ENTRY--PERSONAL NAME
Personal name Gunawardena,W.D.K
245 #0 - TITLE STATEMENT
Title Sahithya vichara sangrahaya
260 ## - PUBLICATION, DISTRIBUTION, ETC.
Place of publication, distribution, etc. Colombo
Name of publisher, distributor, etc. M.D.Gunasena books & Co
Date of publication, distribution, etc. 1966
300 ## - PHYSICAL DESCRIPTION
Extent (e.g. Volumes, Pages etc.) 120 p .,
500 ## - GENERAL NOTE
General note A Book on Literary criticism Collecetion
942 ## - Koha item type (Biblio)
Koha item type Books in Stacks (Lending)
Holdings
Lost status Damaged status Collection code Home library Current library Shelving location Date acquired Full call number Accession Number Item type
    Lending WERC Library WERC Library Social Science Cupboard 03/31/2024 891.48 GUN 905 Books in Stacks (Lending)

© WERC Library